[Event "Sachsen-ch U14"]
[Site "Sebnitz"]
[Date "2009.04.15"]
[Round "2"]
[White "Gerntke, Oliver"]
[Black "Bessert, Maximilian"]
[Result "1-0"]
[WhiteElo "1669"]
[BlackElo "1397"]
[PlyCount "90"]
[EventDate "2009.04.14"]
[EventType "swiss"]
[EventRounds "7"]
[EventCountry "GER"]
[SourceTitle "EXT 2010"]
[Source "ChessBase"]
[SourceDate "2010.11.25"]
[SourceVersion "1"]
[SourceVersionDate "2010.11.25"]
[SourceQuality "1"]

1. Nf3 Nc6 2. d4 d5 3. c4 e6 4. cxd5 exd5 5. Nc3 Nf6 6. Qc2 Be7 7. Bf4 a6 8. a3 Bg4 9. e3 Bd6 10. Bxd6 Qxd6 11. Nd2 Qe6 12. Nb3 0-0 13. Bd3 b5 14. Ne2 Rfe8 15. Nf4 Qd6 16. 0-0 Ne7 17. Rac1 c6 18. h3 Bh5 19. Nxh5 Nxh5 20. Bxh7+ Kh8 21. Bd3 a5 22. Nd2 b4 23. a4 Rab8 24. Qc5 Qc7 25. Nb3 Ra8 26. Nd2 Nf6 27. Nf3 Nd7 28. Qc2 g6 29. b3 Rac8 30. Qb2 Kg8 31. Rc2 Qb6 32. Rfc1 c5 33. Bb5 Red8 34. Bxd7 Rxd7 35. Rxc5 Rxc5 36. Rxc5 Rc7 37. Qc2 Rc6 38. Rxc6 Qxc6 39. Qxc6 Nxc6 40. Ne5 Nxe5 41. dxe5 Kf8 42. f4 Ke7 43. g4 Ke6 44. Kf2 g5 45. fxg5 Kxe5 1-0

[Event "Sachsen-ch U14"]
[Site "Sebnitz"]
[Date "2009.04.14"]
[Round "1"]
[White "Bessert, Maximilian"]
[Black "Matschewsky, Justus"]
[Result "1/2-1/2"]
[WhiteElo "1397"]
[BlackElo "1687"]
[PlyCount "102"]
[EventDate "2009.04.14"]
[EventType "swiss"]
[EventRounds "7"]
[EventCountry "GER"]
[SourceTitle "EXT 2010"]
[Source "ChessBase"]
[SourceDate "2010.11.25"]
[SourceVersion "1"]
[SourceVersionDate "2010.11.25"]
[SourceQuality "1"]

1. e4 e5 2. Nf3 Nc6 3. d4 exd4 4. Bc4 Be7 5. 0-0 d6 6. Nxd4 Nf6 7. Nxc6 bxc6 8. Nc3 0-0 9. Bf4 Ng4 10. h3 Ne5 11. Bxe5 dxe5 12. Qh5 Bd6 13. Rad1 Rb8 14. f4 g6 15. Qf3 exf4 16. e5 Bc5+ 17. Kh1 Qh4 18. Qxc6 Bb7 19. Rxf4 Qxf4 20. Qxc5 Qg3 21. Nd5 Bxd5 22. Qxd5 Rbd8 23. Qxd8 Rxd8 24. Rxd8+ Kg7 25. Re8 Qe1+ 26. Kh2 Qc1 27. Bb3 Qxb2 28. Re7 Qc3 29. e6 Qe5+ 30. Kh1 Kh6 31. Rxf7 g5 32. e7 Kg6 33. Ba4 Kxf7 34. e8Q+ Qxe8 35. Bxe8+ Kxe8 36. Kh2 Ke7 37. Kg3 Kf6 38. Kg4 Kg6 39. h4 h6 40. hxg5 hxg5 41. g3 Kf6 42. Kf3 Kf7 43. Ke4 Kf6 44. c3 Ke6 45. g4 a6 46. a3 a5 47. a4 c6 48. Kd4 Kd6 49. Ke4 Ke6 50. Kd4 Kd6 51. Ke4 Ke6 1/2-1/2

[Event "Leipzig VfB op 16th"]
[Site "Leipzig"]
[Date "2009.04.04"]
[Round "8"]
[White "Huelle, Gunter"]
[Black "Bessert, Maximilian"]
[Result "1/2-1/2"]
[WhiteElo "1785"]
[BlackElo "1397"]
[PlyCount "68"]
[EventDate "2009.03.31"]
[EventType "swiss"]
[EventRounds "9"]
[EventCountry "GER"]
[SourceTitle "EXT 2010"]
[Source "ChessBase"]
[SourceDate "2010.11.25"]
[SourceVersion "1"]
[SourceVersionDate "2010.11.25"]
[SourceQuality "1"]

1. b4 e5 2. Bb2 d6 3. b5 Nf6 4. e3 Be6 5. Nf3 Nbd7 6. c4 g6 7. d4 Bg7 8. dxe5 dxe5 9. Nxe5 Nh5 10. Nd3 Bxb2 11. Nxb2 Qf6 12. Qc1 Nb6 13. Nd2 0-0-0 14. a4 Bg4 15. h3 Qh4 16. a5 Nd7 17. c5 Rhe8 18. Qc3 Ndf6 19. Rg1 Rxe3+ 20. Qxe3 Re8 21. Qxe8+ Nxe8 22. hxg4 Qf6 23. gxh5 Qxb2 24. Rb1 Qe5+ 25. Be2 Qxc5 26. hxg6 hxg6 27. Rh1 Qc3 28. a6 b6 29. Rh3 Qf6 30. Bg4+ Kd8 31. Rd3+ Nd6 32. Nc4 Ke7 33. Nxd6 cxd6 34. Rc1 Kf8 1/2-1/2

[Event "Leipzig VfB op 14th"]
[Site "Leipzig"]
[Date "2007.03.23"]
[Round "6"]
[White "Bessert, Maximilian"]
[Black "Kuersten, Susanne"]
[Result "0-1"]
[WhiteElo "1177"]
[BlackElo "1461"]
[PlyCount "54"]
[EventDate "2007.03.20"]
[EventType "swiss"]
[EventRounds "9"]
[EventCountry "GER"]
[SourceTitle "EXT 2008"]
[Source "ChessBase"]
[SourceDate "2007.11.25"]
[SourceVersion "1"]
[SourceVersionDate "2007.11.25"]
[SourceQuality "1"]

1. e4 e5 2. Nf3 Nc6 3. d4 exd4 4. c3 dxc3 5. Nxc3 Be7 6. Bc4 d6 7. 0-0 h6 8. Nd4 Nf6 9. Nf5 Bxf5 10. exf5 0-0 11. Qf3 Ne5 12. Qf4 Nxc4 13. Qxc4 Qd7 14. Nd5 Nxd5 15. Qxd5 c6 16. Qe4 Bf6 17. g4 Rfe8 18. Qd3 Re7 19. Bf4 Bxb2 20. Rad1 d5 21. g5 hxg5 22. Bxg5 Re5 23. f4 Rxf5 24. Rd2 Bf6 25. Bxf6 Rxf6 26. Rg2 Re8 27. Qh3 Qxh3 0-1

[Event "Saale-Herbst op 3rd"]
[Site "Halle/Saale"]
[Date "2006.10.26"]
[Round "4"]
[White "Mueller, Marius"]
[Black "Bessert, Maximilian"]
[Result "1-0"]
[WhiteElo "1305"]
[BlackElo "1263"]
[PlyCount "35"]
[EventDate "2006.10.25"]
[EventType "swiss"]
[EventRounds "7"]
[EventCountry "GER"]
[SourceTitle "EXT 2019"]
[Source "ChessBase"]
[SourceDate "2018.10.10"]
[SourceVersion "1"]
[SourceVersionDate "2018.10.10"]
[SourceQuality "1"]

1. e4 e5 2. Nf3 Nc6 3. d4 exd4 4. Bc4 Bc5 5. c3 dxc3 6. Qb3 Na5 7. Bxf7+ Kf8 8. Qxc3 Qe7 9. Bd2 Qxe4+ 10. Kf1 Bb6 11. Qa3+ Kxf7 12. Ng5+ Ke8 13. Nxe4 Nc4 14. Qb4 Ne5 15. Qc3 d6 16. f4 Nf7 17. Qxg7 Be6 18. Bc3 1-0

[Event "Sachsen-ch U12"]
[Site "Sebnitz"]
[Date "2006.04.22"]
[Round "7"]
[White "Hentschel, Lars"]
[Black "Bessert, Maximilian"]
[Result "1/2-1/2"]
[WhiteElo "1137"]
[BlackElo "1101"]
[PlyCount "66"]
[EventDate "2006.04.18"]
[EventType "swiss"]
[EventRounds "7"]
[EventCountry "GER"]
[SourceTitle "EXT 2007"]
[Source "ChessBase"]
[SourceDate "2006.11.23"]
[SourceVersion "1"]
[SourceVersionDate "2006.11.23"]
[SourceQuality "1"]

1. e4 e5 2. f4 exf4 3. Nf3 Nc6 4. d4 Nf6 5. Nc3 d5 6. exd5 Nxd5 7. Bd2 Be6 8. Bb5 a6 9. Ba4 b5 10. Bb3 Be7 11. 0-0 Bg5 12. Nxd5 Bxd5 13. Bxd5 Qxd5 14. Nxg5 Qxg5 15. Bxf4 Qd8 16. Re1+ Ne7 17. Qe2 0-0 18. Qxe7 Qxd4+ 19. Qe3 Qxb2 20. Bxc7 Qxc2 21. Bd6 Rfd8 22. h3 Qc6 23. Be5 Re8 24. Qg3 f6 25. Rac1 Qb6+ 26. Kh1 Rxe5 27. Rxe5 fxe5 28. Qxe5 Rf8 29. Qd5+ Kh8 30. Rg1 Qf6 31. Rd1 h6 32. Qc5 Rg8 33. Qd5 Rf8 1/2-1/2

[Event "Sachsen-ch U12"]
[Site "Sebnitz"]
[Date "2006.04.21"]
[Round "6"]
[White "Bessert, Maximilian"]
[Black "Langos, Christoph"]
[Result "1-0"]
[WhiteElo "1101"]
[BlackElo "1093"]
[PlyCount "51"]
[EventDate "2006.04.18"]
[EventType "swiss"]
[EventRounds "7"]
[EventCountry "GER"]
[SourceTitle "EXT 2007"]
[Source "ChessBase"]
[SourceDate "2006.11.23"]
[SourceVersion "1"]
[SourceVersionDate "2006.11.23"]
[SourceQuality "1"]

1. e4 e5 2. Nf3 Nc6 3. Bc4 Bc5 4. c3 Nf6 5. d4 exd4 6. cxd4 Bb4+ 7. Nc3 Nxe4 8. 0-0 Bxc3 9. d5 Ne5 10. bxc3 Nxc4 11. Re1 Ncd6 12. Qd4 0-0 13. Rxe4 Nxe4 14. Qxe4 d6 15. Ng5 g6 16. Qh4 h5 17. f3 Kg7 18. g4 Rh8 19. c4 Qf6 20. Rb1 Qd4+ 21. Kg2 Qxc4 22. Ne4 Qc2+ 23. Nd2 Qxa2 24. Bb2+ Kg8 25. Qd8+ Kh7 26. Qxh8# 1-0

[Event "Sachsen-ch U12"]
[Site "Sebnitz"]
[Date "2006.04.19"]
[Round "3"]
[White "Bessert, Maximilian"]
[Black "Schumer, Arik"]
[Result "1-0"]
[WhiteElo "1101"]
[BlackElo "1107"]
[PlyCount "31"]
[EventDate "2006.04.18"]
[EventType "swiss"]
[EventRounds "7"]
[EventCountry "GER"]
[SourceTitle "EXT 2007"]
[Source "ChessBase"]
[SourceDate "2006.11.23"]
[SourceVersion "1"]
[SourceVersionDate "2006.11.23"]
[SourceQuality "1"]

1. e4 e5 2. Nf3 Nc6 3. Bc4 Bc5 4. c3 Nf6 5. d4 exd4 6. cxd4 Bb4+ 7. Nc3 Nxe4 8. 0-0 Nxc3 9. bxc3 Bxc3 10. Rb1 0-0 11. Qd3 Ba5 12. Rb5 Bb6 13. Rh5 h6 14. Ng5 g6 15. Qxg6+ Kh8 16. Qh7# 1-0